<?xml version="1.0" encoding="UTF-8"?>
<record
    xmlns:xsi="http://www.w3.org/2001/XMLSchema-instance"
    xsi:schemaLocation="http://www.loc.gov/MARC21/slim http://www.loc.gov/standards/marcxml/schema/MARC21slim.xsd"
    xmlns="http://www.loc.gov/MARC21/slim">

  <leader>01762nam a2200265Ia 4500</leader>
  <datafield tag="999" ind1=" " ind2=" ">
    <subfield code="c">51760</subfield>
    <subfield code="d">51760</subfield>
  </datafield>
  <controlfield tag="001">18752</controlfield>
  <controlfield tag="003">GE_BSU</controlfield>
  <controlfield tag="005">20210405174515.0</controlfield>
  <controlfield tag="008">181216s2016    ge |||||||||||||| ||geo||</controlfield>
  <datafield tag="040" ind1=" " ind2=" ">
    <subfield code="c">GE_BSU</subfield>
  </datafield>
  <datafield tag="041" ind1=" " ind2=" ">
    <subfield code="a">geo</subfield>
  </datafield>
  <datafield tag="080" ind1=" " ind2=" ">
    <subfield code="a">61 &#x10DA;-26</subfield>
  </datafield>
  <datafield tag="100" ind1=" " ind2=" ">
    <subfield code="a">&#x10DA;&#x10D0;&#x10E1;&#x10D0;&#x10E0;&#x10D4;&#x10D8;&#x10E8;&#x10D5;&#x10D8;&#x10DA;&#x10D8;, &#x10D1;&#x10D4;&#x10E1;&#x10D0;&#x10E0;&#x10D8;&#x10DD;&#x10DC;</subfield>
    <subfield code="9">11080</subfield>
  </datafield>
  <datafield tag="245" ind1=" " ind2=" ">
    <subfield code="a">&#x10D8;&#x10DB;&#x10E3;&#x10DC;&#x10E3;&#x10E0;&#x10D8; &#x10E1;&#x10D8;&#x10E1;&#x10E2;&#x10D4;&#x10DB;&#x10D8;&#x10E1; &#x10D0;&#x10E1;&#x10D0;&#x10D9;&#x10DD;&#x10D1;&#x10E0;&#x10D8;&#x10D5;&#x10D8; &#x10D7;&#x10D0;&#x10D5;&#x10D8;&#x10E1;&#x10D4;&#x10D1;&#x10E3;&#x10E0;&#x10D4;&#x10D1;&#x10D4;&#x10D1;&#x10D8; &#x422;- &#x10E3;&#x10EF;&#x10E0;&#x10D4;&#x10D3;&#x10E3;&#x10DA; &#x10E1;&#x10E3;&#x10D1;&#x10DE;&#x10DD;&#x10DE;&#x10E3;&#x10DA;&#x10D0;&#x10EA;&#x10D8;&#x10D4;&#x10D1;&#x10E8;&#x10D8; /</subfield>
    <subfield code="c">&#x10D1;&#x10D4;&#x10E1;&#x10D0;&#x10E0;&#x10D8;&#x10DD;&#x10DC; &#x10DA;&#x10D0;&#x10E1;&#x10D0;&#x10E0;&#x10D4;&#x10D8;&#x10E8;&#x10D5;&#x10D8;&#x10DA;&#x10D8;; &#x10E1;&#x10D0;&#x10DB;&#x10D4;&#x10EA;&#x10DC;&#x10D8;&#x10D4;&#x10E0;&#x10DD; &#x10EE;&#x10D4;&#x10DA;&#x10DB;&#x10EB;&#x10E6;&#x10D5;&#x10D0;&#x10DC;&#x10D4;&#x10DA;&#x10D4;&#x10D1;&#x10D8;: &#x10D7;&#x10D8;&#x10DC;&#x10D0;&#x10D7;&#x10D8;&#x10DC; &#x10E9;&#x10D8;&#x10E5;&#x10DD;&#x10D5;&#x10D0;&#x10DC;&#x10D8;, &#x10D8;&#x10D0; &#x10E4;&#x10D0;&#x10DC;&#x10EA;&#x10E3;&#x10DA;&#x10D0;&#x10D8;&#x10D0;; &#x10D7;&#x10D1;&#x10D8;&#x10DA;&#x10D8;&#x10E1;&#x10D8;&#x10E1; &#x10E1;&#x10D0;&#x10EE;&#x10D4;&#x10DA;&#x10DB;&#x10EC;&#x10D8;&#x10E4;&#x10DD; &#x10E3;&#x10DC;&#x10D8;&#x10D5;&#x10D4;&#x10E0;&#x10E1;&#x10D8;&#x10E2;&#x10D4;&#x10E2;&#x10D8;.</subfield>
  </datafield>
  <datafield tag="264" ind1=" " ind2=" ">
    <subfield code="a">&#x10D7;&#x10D1;&#x10D8;&#x10DA;&#x10D8;&#x10E1;&#x10D8;, </subfield>
    <subfield code="c">2016.</subfield>
  </datafield>
  <datafield tag="300" ind1=" " ind2=" ">
    <subfield code="a">182 &#x10D2;&#x10D5;.</subfield>
    <subfield code="b">30 &#x10E1;&#x10DB;.</subfield>
  </datafield>
  <datafield tag="504" ind1=" " ind2=" ">
    <subfield code="a">&#x10D1;&#x10D8;&#x10D1;&#x10DA;&#x10D8;&#x10DD;&#x10D2;&#x10E0;&#x10D0;&#x10E4;&#x10D8;&#x10D0;: &#x10D2;&#x10D5;.:98-107; 119-120; 128-130; 154-158; 167-168; 181-182.</subfield>
  </datafield>
  <datafield tag="653" ind1=" " ind2=" ">
    <subfield code="a">&#x10D3;&#x10D8;&#x10E1;&#x10D4;&#x10E0;&#x10E2;&#x10D0;&#x10EA;&#x10D8;&#x10D0;</subfield>
  </datafield>
  <datafield tag="653" ind1=" " ind2=" ">
    <subfield code="a">&#x10D8;&#x10DB;&#x10E3;&#x10DC;&#x10E3;&#x10E0;&#x10D8; &#x10E1;&#x10D8;&#x10E1;&#x10E2;&#x10D4;&#x10DB;&#x10D8;&#x10E1; &#x10D0;&#x10E1;&#x10D0;&#x10D9;&#x10DD;&#x10D1;&#x10E0;&#x10D8;&#x10D5;&#x10D8; &#x10D7;&#x10D0;&#x10D5;&#x10D8;&#x10E1;&#x10D4;&#x10D1;&#x10E3;&#x10E0;&#x10D4;&#x10D1;&#x10D4;&#x10D1;&#x10D8; &#x422;-&#x10E3;&#x10EF;&#x10E0;&#x10D4;&#x10D3;&#x10E3;&#x10DA; &#x10E1;&#x10E3;&#x10D1;&#x10DE;&#x10DD;&#x10DE;&#x10E3;&#x10DA;&#x10D0;&#x10EA;&#x10D8;&#x10D4;&#x10D1;&#x10E8;&#x10D8;</subfield>
  </datafield>
  <datafield tag="653" ind1=" " ind2=" ">
    <subfield code="a">&#x10DB;&#x10D4;&#x10D3;&#x10D8;&#x10EA;&#x10D8;&#x10DC;&#x10D0;</subfield>
  </datafield>
  <datafield tag="700" ind1=" " ind2=" ">
    <subfield code="a">&#x10E9;&#x10D8;&#x10E5;&#x10DD;&#x10D5;&#x10D0;&#x10DC;&#x10D8;,&#x10D7;&#x10D8;&#x10DC;&#x10D0;&#x10D7;&#x10D8;&#x10DC;</subfield>
    <subfield code="e">&#x10E1;&#x10D0;&#x10DB;&#x10D4;&#x10EA;&#x10DC;&#x10D8;&#x10D4;&#x10E0;&#x10DD; &#x10EE;&#x10D4;&#x10DA;&#x10DB;&#x10EB;&#x10E6;&#x10D5;&#x10D0;&#x10DC;&#x10D4;&#x10DA;&#x10D8;</subfield>
    <subfield code="9">11081</subfield>
  </datafield>
  <datafield tag="700" ind1=" " ind2=" ">
    <subfield code="a">&#x10E4;&#x10D0;&#x10DC;&#x10EA;&#x10E3;&#x10DA;&#x10D0;&#x10D8;&#x10D0;, &#x10D8;&#x10D0;</subfield>
    <subfield code="e">&#x10E1;&#x10D0;&#x10DB;&#x10D4;&#x10EA;&#x10DC;&#x10D8;&#x10D4;&#x10E0;&#x10DD; &#x10EE;&#x10D4;&#x10DA;&#x10DB;&#x10EB;&#x10E6;&#x10D5;&#x10D0;&#x10DC;&#x10D4;&#x10DA;&#x10D8;</subfield>
    <subfield code="9">11082</subfield>
  </datafield>
  <datafield tag="710" ind1=" " ind2=" ">
    <subfield code="a">&#x10D7;&#x10D1;&#x10D8;&#x10DA;&#x10D8;&#x10E1;&#x10D8;&#x10E1; &#x10E1;&#x10D0;&#x10EE;&#x10D4;&#x10DA;&#x10DB;&#x10EC;&#x10D8;&#x10E4;&#x10DD; &#x10E3;&#x10DC;&#x10D8;&#x10D5;&#x10D4;&#x10E0;&#x10E1;&#x10D8;&#x10E2;&#x10D4;&#x10E2;&#x10D8;</subfield>
    <subfield code="9">11083</subfield>
  </datafield>
  <datafield tag="942" ind1=" " ind2=" ">
    <subfield code="c">BK</subfield>
    <subfield code="2">udc</subfield>
  </datafield>
  <datafield tag="952" ind1=" " ind2=" ">
    <subfield code="0">0</subfield>
    <subfield code="1">0</subfield>
    <subfield code="2">udc</subfield>
    <subfield code="4">0</subfield>
    <subfield code="6">61_&#x10DA;26</subfield>
    <subfield code="7">0</subfield>
    <subfield code="9">71911</subfield>
    <subfield code="a">CPL</subfield>
    <subfield code="b">CPL</subfield>
    <subfield code="c">GEN</subfield>
    <subfield code="d">2018-12-17</subfield>
    <subfield code="o">61 &#x10DA;-26</subfield>
    <subfield code="p">255 &#x10D3;&#x10D8;&#x10E1;&#x10D4;&#x10E0;&#x10E2;.</subfield>
    <subfield code="r">2018-12-17</subfield>
    <subfield code="t">255</subfield>
    <subfield code="w">2018-12-17</subfield>
    <subfield code="y">DS</subfield>
  </datafield>
</record>
